home page   АИС "Историко-культурное наследие Беларуси"
  Базовый | Расширенный | Профессиональный | Словарь персоналий | Тематический словарь | По видам объектов История запросов  Заказы    Регистрация

Запись в MARC-формате

копировать MARC-запись

=LDR  00000nx\\c22002293\\45\\
=001  BY-NLB-ar7213287
=005  20160330095641.2
=100  \\$a20140310abely50\\\\\\ca0
=152  \\$apsbo
=160  \\$ae-bw
=215  \\$aКасцёл Найсвяцейшай Тройцы (Данюшава, вёска; Смаргонскі раён)
=300  1\$aПабудаваны ў 1809 г. з дрэва на месцы храма 1621 г. Помнік архітэктуры класіцызму з рысамі стылю рэтраготыкі. Перад храмам у 1915 г. пастаўлены помнік у гонар падзей 1-й сусветнай вайны.
=356  \\$aЗнаходзіцца ў цэнтры вёскі на правым беразе р. Вілія.
=415  \\$aКасцёл Прасвятой Тройцы (Данюшава, вёска; Смаргонскі раён)
=415  \\$aТроіцкі касцёл (Данюшава, вёска; Смаргонскі раён)
=415  \\$aКасцёл Святой Тройцы (Данюшава, вёска; Смаргонскі раён)
=515  \\$5w$3BY-NLB-ar7213267$aКостел Наисвятейшей Троицы (Данюшево, деревня; Сморгонский район)
=801  \0$aBY$bBY-HM0000$c20140310
=810  \\$aКаталіцкія храмы Беларусі / А. М. Кулагін. — Мінск, 2008.
=810  \\$aКаталіцкія храмы на Беларусі : энцыклапедычны даведнік / А. М. Кулагін. — Мінск, 2000.
=856  4\$uhttp://smorgon.grodno-region.by/ru/region/istor_kult_nasl/pamiatn?id=7552$zАфіцыйны сайт Смаргонскага раённага выканаўчага камітэта.
=999  \\$f1848 NLB-NDARD$t20140310

Чтобы вернуться назад, щелкните кнопку BACK на Вашем браузере